00458nmm a2200169Ia 4500008004100000020001800041041000800059100002000067245001800087264005200105300001800157490001400175650002400189856005100213942000700264999001700271251105s9999||||xx |||||||||||||||||und|| a9788482889276 aglg aVillar, Domingo 0aOllos de auga a[Madrid, España] :bEditorial Galaxia, c2011 a240 páginas aLiteraria aThriller & Suspense uhttps://public.digitaliapublishing.com/a/84988 cCF c86087d86087